Library management (Record no. 148337)

MARC details
000 -LEADER
fixed length control field 01338nam a2200325Ia 4500
001 - CONTROL NUMBER
control field vtls003238947
003 - CONTROL NUMBER IDENTIFIER
control field MY-SjTCS
005 - DATE AND TIME OF LATEST TRANSACTION
control field 20200226115429.0
006 - FIXED-LENGTH DATA ELEMENTS--ADDITIONAL MATERIAL CHARACTERISTICS
fixed length control field m u
007 - PHYSICAL DESCRIPTION FIXED FIELD--GENERAL INFORMATION
fixed length control field cr cn|||||||||
008 - FIXED-LENGTH DATA ELEMENTS--GENERAL INFORMATION
fixed length control field 120829s2011 enk sb 000 0 eng d
020 ## - INTERNATIONAL STANDARD BOOK NUMBER
Canceled/invalid ISBN 9780857248459
035 ## - SYSTEM CONTROL NUMBER
System control number (OCoLC)732955975
035 ## - SYSTEM CONTROL NUMBER
System control number (CaPaEBR)ebr10464510
039 #9 - LEVEL OF BIBLIOGRAPHIC CONTROL AND CODING DETAIL [OBSOLETE]
-- 201208291109
-- wilmina
040 ## - CATALOGING SOURCE
Original cataloging agency CaPaEBR
Transcribing agency CaPaEBR
050 14 - LIBRARY OF CONGRESS CALL NUMBER
Classification number Z678
Item number .L475321 2011eb
245 00 - TITLE STATEMENT
Title Library management
Medium [electronic resource] .
Number of part/section of a work Volume 32, Number 1/2,
Name of part/section of a work Academic librarian :
Remainder of title singing in the rain,
Number of part/section of a work part 2 /
Statement of responsibility, etc. [editor, Stephen O'Connor].
260 ## - PUBLICATION, DISTRIBUTION, ETC.
Place of publication, distribution, etc. [Bradford, UK] :
Name of publisher, distributor, etc. Emerald,
Date of publication, distribution, etc. 2011.
300 ## - PHYSICAL DESCRIPTION
Extent 140 p.
490 0# - SERIES STATEMENT
Series statement Library management ;
Volume/sequential designation v. 32, no. 1/2
504 ## - BIBLIOGRAPHY, ETC. NOTE
Bibliography, etc. note Includes bibliographical references.
533 ## - REPRODUCTION NOTE
Type of reproduction Electronic reproduction.
Place of reproduction Palo Alto, Calif. :
Agency responsible for reproduction ebrary,
Date of reproduction 2011.
Note about reproduction Available via World Wide Web.
-- Access may be limited to ebrary affiliated libraries.
650 #0 - SUBJECT ADDED ENTRY--TOPICAL TERM
Topical term or geographic name entry element Academic librarians.
9 (RLIN) 63750
650 #0 - SUBJECT ADDED ENTRY--TOPICAL TERM
Topical term or geographic name entry element Reference librarians.
655 #7 - INDEX TERM--GENRE/FORM
Genre/form data or focus term Electronic books.
Source of term local
700 1# - ADDED ENTRY--PERSONAL NAME
Personal name O'Connor, S.
710 2# - ADDED ENTRY--CORPORATE NAME
Corporate name or jurisdiction name as entry element ebrary, Inc.
9 (RLIN) 25628
856 40 - ELECTRONIC LOCATION AND ACCESS
Uniform Resource Identifier https://ezproxy.taylors.edu.my/login?url=http://site.ebrary.com/lib/taylorscollege/Doc?id=10464510
Public note An electronic book accessible through the World Wide Web; click to view
Holdings
Withdrawn status Lost status Damaged status Not for loan Home library Current library Date acquired Total Checkouts Date last seen Price effective from Koha item type
      e-book Taylor's Library-TU Taylor's Library-TU 02/03/2026   02/03/2026 02/03/2026 E-Book